00638nam a2200181 i 450000100060000000300090000600500170001500700030003200800410003510000350007624501270011126000730023830000590031150000260037065000180039665000190041485200230043359383ES-MaACL20230906164024.0t|031028s1903 sp ||||1| spa d1 aElola, José de (d1859-1933)10aPlanimetría de precisión o estudios topográficos de análisis planimétrico / cpor José de Elola y Gutiérrez. aMadrid : b[s.n.], c1903 (fEstab. Tip. "Sucesores de Rivadeneyra") a3 v. (682, 714 p., 52 h. de lám.) : bil. ; c26 cm. aEl vol.3 es un atlas. 4aTopografía. 4aPlanímetros. aES-MaACLjA-854-56